[Event "DVM U20 2019"]
[Site "Braunschweig"]
[Date "2019.12.30"]
[Round "7"]
[White "Lutz, Ruben"]
[Black "Roseneck, Jonas"]
[Result "0-1"]
[WhiteElo "2132"]
[BlackElo "2417"]
[Annotator "NA"]
[PlyCount "64"]
[EventDate "2019.12.27"]
[EventType "team-tourn"]
[EventRounds "7"]
[EventCountry "GER"]
[SourceTitle "playchess.com"]
[Source "ChessBase"]
[SourceQuality "1"]
[WhiteTeam "USV TU Dresden"]
[BlackTeam "SG Aufbau Elbe Magdeburg"]
[TimeControl "40/5400+30:1800+30"]

{[%evp 11,61,-12,-9,0,-2,-1,32767,32767,32767,32767,-27,-26,-22,-26,32767,-16,-6,-20,-12,-114,-120,-134,-113,-147,-155,-165,-143,-166,-139,-143,-125,32767,32767,32767,32767,32767,32767,32767,32767,32767,32767,32767,32767,32767,32767,32767,32767,32767,-222,-278,-331,-334]} 1. d4 {[%emt 0:00:00]} Nf6 {[%emt 0:00:00]} 2. Bf4 {[%emt 0:00:00]} d5 {[%emt 0:00:00]} 3. e3 {[%emt 0:00:00]} c5 {[%emt 0:00:00]} 4. c3 {[%emt 0:00:00]} e6 {[%emt 0:00:05]} 5. Nd2 {[%emt 0:00:12]} Bd6 {[%emt 0:00:09] unterminated} 6. Bxd6 {[%emt 0:08:20] D00: 1 d4 d5: Unusual lines} Qxd6 {[%emt 0:00:02]} 7. f4 {[%emt 0:00:09] unterminated} O-O {[%emt 0:03:37] unterminated} 8. Bd3 {[%emt 0:01:04]} b6 {[%emt 0:01:59]} 9. Ngf3 {[%emt 0:03:12]} Ba6 {[%emt 0:00:27]} 10. Qe2 $146 {[%emt 0:00:54] unterminated} ({Predecessor:} 10. Bxa6 Nxa6 11. Ne5 Nc7 {½-½ (77) Ni,H (2671)-Meier,G (2650) Riadh 2017}) 10... Bxd3 {[%emt 0:02:47]} 11. Qxd3 {[%emt 0:00:04]} Nc6 {[%emt 0:01:17] unterminated} 12. Ne5 {[%emt 0:09:19] unterminated} Ne7 {[%emt 0:16:48] unterminated} 13. O-O {[%emt 0:02:18] unterminated} c4 {[%emt 0:04:14] unterminated} 14. Qe2 {[%emt 0:11:29]} b5 {[%emt 0:00:11] unterminated} 15. b4 {[%emt 0:02:07] unterminated} (15. e4 $11 {keeps the balance.}) 15... a5 {[%emt 0:06:55]} 16. a3 {[%emt 0:00:50] unterminated} Ra6 {[%emt 0:00:12] unterminated} 17. bxa5 {[%emt 0:18:04] unterminated} Rxa5 {[%emt 0:08:34] unterminated} 18. Nb1 {[%emt 0:00:05] unterminated} Rfa8 {[%emt 0:03:33] unterminated} 19. Ra2 {[%emt 0:08:26] unterminated} Ne4 {[%emt 0:04:49] unterminated} 20. Rc1 {[%emt 0:02:14] unterminated} f6 {[%emt 0:05:48]} 21. Nf3 {[%emt 0:01:38]} Nc6 {[%emt 0:00:16]} 22. Rb2 {[%emt 0:07:18]} Rxa3 {[%emt 0:03:26]} 23. Nxa3 {[%emt 0:01:40]} Qxa3 {[%emt 0:00:20]} 24. Qc2 {[%emt 0:15:01]} b4 {[%emt 0:01:46]} 25. Re1 {[%emt 0:01:35]} b3 {[%emt 0:13:11]} 26. Qc1 {[%emt 0:00:49]} Qa5 {[%emt 0:00:03] normal} 27. Nd2 {[%emt 0:01:45]} Nxc3 {[%emt 0:01:05] normal} 28. Nxb3 {[%emt 0:02:26]} cxb3 {[%emt 0:00:42]} 29. Rxb3 {[%emt 0:00:04] normal} Ne4 {[%emt 0:00:25]} 30. Re2 {[%emt 0:00:35] normal} Ne7 {[%emt 0:02:34] normal} 31. Rc2 $19 {[%emt 0:00:48] normal} Kf7 {[%emt 0:03:19]} 32. Rc7 {[%emt 0:02:50] normal} Qxc7 {[%emt 0:00:12] normal} 0-1

[Event "DVM U20 2019"]
[Site "Braunschweig"]
[Date "2019.12.30"]
[Round "7"]
[White "Doll, Alexander"]
[Black "Joeres, Stefan"]
[Result "1/2-1/2"]
[WhiteElo "2127"]
[BlackElo "2201"]
[Annotator "ChessBase"]
[PlyCount "36"]
[EventDate "2019.12.27"]
[EventType "team-tourn"]
[EventRounds "7"]
[EventCountry "GER"]
[SourceTitle "playchess.com"]
[Source "ChessBase"]
[SourceQuality "1"]
[WhiteTeam "OSG Baden-Baden"]
[BlackTeam "Karlsruher SF"]
[TimeControl "40/5400+30:1800+30"]

1. e4 {[%emt 0:00:00]} c5 {[%emt 0:00:00]} 2. Nf3 {[%emt 0:00:00]} Nc6 {[%emt 0:00:00]} 3. d4 {[%emt 0:00:44]} cxd4 {[%emt 0:00:00]} 4. Nxd4 {[%emt 0:00:05]} Nf6 {[%emt 0:00:00]} 5. Nc3 {[%emt 0:00:14]} e5 {[%emt 0:00:00]} 6. Ndb5 {[%emt 0:00:33]} d6 {[%emt 0:00:00]} 7. Bg5 {[%emt 0:00:09]} a6 {[%emt 0:00:00]} 8. Na3 {[%emt 0:00:05]} b5 {[%emt 0:00:00]} 9. Nd5 {[%emt 0:00:07]} Be7 {[%emt 0:00:03]} 10. Bxf6 {[%emt 0:00:05]} Bxf6 {[%emt 0:00:01]} 11. c4 {[%emt 0:00:08]} b4 {[%emt 0:00:03]} 12. Nc2 {[%emt 0:00:04]} O-O {[%emt 0:00:03]} 13. Ncxb4 {[%emt 0:05:15]} Nxb4 {[%emt 0:01:40]} 14. Nxb4 {[%emt 0:00:12]} Qb6 {[%emt 0:00:32]} 15. Qb3 Qd4 {[%emt 0:09:13]} 16. Qc2 {[%emt 0:32:21]} Rb8 {[%emt 0:04:11]} 17. Rd1 Qb6 {[%emt 0:02:26]} 18. Nd5 {[%emt 0:13:37]} Qxb2 {[%emt 0:02:17] normal} 1/2-1/2

[Event "DVM U20 2019"]
[Site "Braunschweig"]
[Date "2019.12.30"]
[Round "7"]
[White "Hoffmann, Jens"]
[Black "Thomsen, Phil"]
[Result "1-0"]
[WhiteElo "2113"]
[BlackElo "2147"]
[Annotator "NA"]
[PlyCount "81"]
[EventDate "2019.12.27"]
[EventType "team-tourn"]
[EventRounds "7"]
[EventCountry "GER"]
[SourceTitle "playchess.com"]
[Source "ChessBase"]
[SourceQuality "1"]
[WhiteTeam "SF HN-Biberach"]
[BlackTeam "Sges Bensheim"]
[TimeControl "40/5400+30:1800+30"]

1. e4 {[%emt 0:00:00]} c5 {[%emt 0:00:00]} 2. Nf3 {[%emt 0:00:00]} Nc6 {[%emt 0:00:00]} 3. d4 {[%emt 0:00:00]} cxd4 {[%emt 0:00:00]} 4. Nxd4 {[%emt 0:00:00]} g6 {[%emt 0:00:00]} 5. c4 {[%emt 0:00:00]} Bg7 {[%emt 0:00:00]} 6. Be3 {[%emt 0:00:02]} Nf6 {[%emt 0:00:00]} 7. Nc3 {[%emt 0:00:06]} O-O {[%emt 0:00:00]} 8. Be2 {[%emt 0:00:11]} d6 {[%emt 0:00:00]} 9. O-O {[%emt 0:00:05]} Bd7 {[%emt 0:00:22]} 10. Nc2 {[%emt 0:00:05]} a5 {[%emt 0:00:11] unterminated} 11. f4 {[%emt 0:09:27] unterminated} a4 {[%emt 0:12:30] unterminated} 12. Rc1 {[%emt 0:08:40] unterminated} Qa5 {[%emt 0:03:12] unterminated} 13. c5 $14 {[%emt 0:17:49]} Rad8 {[%emt 0:10:09]} 14. cxd6 {[%emt 0:02:15]} exd6 {[%emt 0:00:15]} 15. Na3 {[%emt 0:18:36]} Bc8 {[%emt 0:23:06]} 16. Nc4 {[%emt 0:02:11]} Qb4 {[%emt 0:02:44]} 17. a3 {[%emt 0:06:38]} Qb3 {[%emt 0:00:15]} 18. Bb6 {[%emt 0:02:44]} Be6 {[%emt 0:08:17]} 19. Qxb3 {[%emt 0:03:41]} axb3 {[%emt 0:00:05]} 20. Bxd8 {[%emt 0:03:20]} Rxd8 {[%emt 0:00:04]} 21. Rfd1 {[%emt 0:08:53]} d5 {[%emt 0:06:47]} 22. exd5 {[%emt 0:09:16]} Nxd5 {[%emt 0:00:24]} 23. Nxd5 {[%emt 0:00:09]} Rxd5 {[%emt 0:01:26]} 24. Rxd5 {[%emt 0:02:54]} Bxd5 {[%emt 0:00:08]} 25. Ne5 {[%emt 0:01:49]} g5 {[%emt 0:04:25]} 26. Bc4 {[%emt 0:02:00]} gxf4 {[%emt 0:01:50]} 27. Bxd5 {[%emt 0:01:22]} Bxe5 {[%emt 0:00:41]} 28. Bxc6 {[%emt 0:00:52]} bxc6 {[%emt 0:01:10]} 29. Rxc6 {[%emt 0:00:27]} Bxb2 {[%emt 0:00:04]} 30. Rc8+ {[%emt 0:00:18]} Kg7 {[%emt 0:00:05]} 31. Rb8 {[%emt 0:00:52]} Bxa3 {[%emt 0:00:27]} 32. Rxb3 {[%emt 0:00:06]} Bc5+ {[%emt 0:00:58]} 33. Kf1 {[%emt 0:00:01]} Kg6 {[%emt 0:00:16]} 34. Ke2 {[%emt 0:00:25]} Bg1 {[%emt 0:00:18]} 35. Rh3 {[%emt 0:00:14]} h5 {[%emt 0:00:23]} 36. Kf3 {[%emt 0:01:16]} Kg5 {[%emt 0:00:18]} 37. Ke4 {[%emt 0:01:00]} Kg4 {[%emt 0:04:12]} 38. Ke5 {[%emt 0:00:22]} h4 {[%emt 0:01:28]} 39. Ke4 {[%emt 0:00:40]} f6 {[%emt 0:01:34]} 40. Kd3 {[%emt 0:00:29]} Kg5 {[%emt 0:01:25]} 41. Ke2 {[%emt 0:02:04] normal} 1-0

[Event "DVM U20 2019"]
[Site "Braunschweig"]
[Date "2019.12.30"]
[Round "7"]
[White "Meiwes, Thore"]
[Black "Holinka, Henning"]
[Result "0-1"]
[WhiteElo "2106"]
[BlackElo "2233"]
[Annotator "ChessBase"]
[PlyCount "52"]
[EventDate "2019.12.27"]
[EventType "team-tourn"]
[EventRounds "7"]
[EventCountry "GER"]
[SourceTitle "playchess.com"]
[Source "ChessBase"]
[SourceQuality "1"]
[WhiteTeam "SK Lehrte 1919"]
[BlackTeam "Hamburger SK"]
[TimeControl "40/5400+30:1800+30"]

1. d4 {[%emt 0:00:00]} d5 {[%emt 0:00:00]} 2. Nf3 {[%emt 0:02:43]} Nf6 {[%emt 0:00:39]} 3. c4 {[%emt 0:00:12]} c6 {[%emt 0:08:16]} 4. Nc3 {[%emt 0:01:13]} a6 {[%emt 0:03:46]} 5. c5 {[%emt 0:01:57]} g6 {[%emt 0:01:41]} 6. Bf4 {[%emt 0:00:09]} Bg7 {[%emt 0:03:59]} 7. h3 {[%emt 0:00:10]} Nbd7 {[%emt 0:10:52]} 8. e3 {[%emt 0:00:09]} O-O {[%emt 0:03:10]} 9. Be2 {[%emt 0:00:19]} h6 {[%emt 0:12:05]} 10. Bh2 {[%emt 0:03:02]} Ne4 {[%emt 0:11:05]} 11. O-O {[%emt 0:01:46]} f5 {[%emt 0:02:55]} 12. Na4 {[%emt 0:14:28]} g5 {[%emt 0:09:00]} 13. Ne5 {[%emt 0:05:46]} Bxe5 {[%emt 0:10:42]} 14. Bxe5 {[%emt 0:00:18]} Nxe5 {[%emt 0:01:19]} 15. dxe5 {[%emt 0:00:03]} f4 {[%emt 0:01:05]} 16. Qd4 {[%emt 0:05:15]} Bf5 {[%emt 0:03:42]} 17. Nb6 {[%emt 0:01:27]} Rb8 {[%emt 0:00:48]} 18. b4 {[%emt 0:05:06]} Qc7 {[%emt 0:02:39]} 19. Kh2 {[%emt 0:13:23]} e6 {[%emt 0:00:26]} 20. a4 {[%emt 0:05:19]} Qg7 21. g3 {[%emt 0:05:45]} Bxh3 {[%emt 0:08:59]} 22. Kxh3 {[%emt 0:01:16]} f3 {[%emt 0:00:22]} 23. Bxf3 {[%emt 0:09:08]} Rxf3 {[%emt 0:00:05]} 24. Kg2 {[%emt 0:01:14]} Rbf8 {[%emt 0:00:20]} 25. Ra2 {[%emt 0:01:12]} Qf7 {[%emt 0:01:10] normal} 26. Qa1 {[%emt 0:01:51]} Nxg3 {[%emt 0:00:26] normal} 0-1

[Event "DVM U20 2019"]
[Site "Braunschweig"]
[Date "2019.12.30"]
[Round "7"]
[White "Roehr, Tobias"]
[Black "Schubert, Bernhard"]
[Result "1-0"]
[WhiteElo "2103"]
[BlackElo "1586"]
[Annotator "ChessBase"]
[PlyCount "46"]
[EventDate "2019.12.27"]
[EventType "team-tourn"]
[EventRounds "7"]
[EventCountry "GER"]
[SourceTitle "playchess.com"]
[Source "ChessBase"]
[SourceQuality "1"]
[WhiteTeam "SG Aufbau Elbe Magdeburg"]
[BlackTeam "USV TU Dresden"]
[TimeControl "40/5400+30:1800+30"]

1. d4 {[%emt 0:00:00]} d5 {[%emt 0:00:00]} 2. c4 {[%emt 0:00:00]} e6 {[%emt 0:00:00]} 3. Nc3 {[%emt 0:00:00]} Nf6 {[%emt 0:00:00]} 4. Bg5 {[%emt 0:00:00]} Be7 {[%emt 0:00:00]} 5. e3 {[%emt 0:00:11]} h6 {[%emt 0:00:00]} 6. Bh4 {[%emt 0:00:55]} b6 {[%emt 0:00:34]} 7. cxd5 {[%emt 0:01:34]} exd5 {[%emt 0:00:25]} 8. Bd3 {[%emt 0:02:09]} Bb7 {[%emt 0:00:26]} 9. Nf3 {[%emt 0:03:32]} O-O {[%emt 0:00:47]} 10. O-O {[%emt 0:01:24]} Nbd7 {[%emt 0:00:23]} 11. Rc1 {[%emt 0:02:42]} Rc8 {[%emt 0:01:52]} 12. Qa4 {[%emt 0:02:56]} a5 {[%emt 0:04:36]} 13. Bf5 {[%emt 0:03:27]} c6 {[%emt 0:03:36]} 14. Ne5 {[%emt 0:03:18]} b5 {[%emt 0:09:22]} 15. Qd1 {[%emt 0:00:17]} Rb8 {[%emt 0:03:56]} 16. Bg3 {[%emt 0:15:30]} Ra8 {[%emt 0:04:08]} 17. Nxd7 {[%emt 0:02:29]} Nxd7 {[%emt 0:00:39]} 18. Nxd5 {[%emt 0:01:01]} cxd5 {[%emt 0:00:46]} 19. Bxd7 {[%emt 0:00:12]} Qxd7 {[%emt 0:02:51]} 20. Rc7 {[%emt 0:00:05]} Qd8 {[%emt 0:03:19]} 21. Rxb7 {[%emt 0:00:07]} b4 {[%emt 0:01:35]} 22. Qg4 {[%emt 0:01:25]} f5 {[%emt 0:05:57]} 23. Qf3 {[%emt 0:00:10]} g5 {[%emt 0:10:53] normal} 1-0

[Event "DVM U20 2019"]
[Site "Braunschweig"]
[Date "2019.12.30"]
[Round "7"]
[White "Koll, Lukas"]
[Black "Wu, Luka"]
[Result "1-0"]
[WhiteElo "2093"]
[BlackElo "2073"]
[Annotator "NA"]
[PlyCount "35"]
[EventDate "2019.12.27"]
[EventType "team-tourn"]
[EventRounds "7"]
[EventCountry "GER"]
[SourceTitle "playchess.com"]
[Source "ChessBase"]
[SourceQuality "1"]
[WhiteTeam "Karlsruher SF"]
[BlackTeam "OSG Baden-Baden"]
[TimeControl "40/5400+30:1800+30"]

1. c4 {[%emt 0:00:00]} e5 {[%emt 0:00:00]} 2. g3 {[%emt 0:00:00]} d6 {[%emt 0:00:00]} 3. Bg2 {[%emt 0:00:00]} f5 {[%emt 0:00:00]} 4. e3 {[%emt 0:03:43]} Nf6 {[%emt 0:00:09]} 5. Ne2 {[%emt 0:00:09]} Be7 {[%emt 0:00:10]} 6. d3 {[%emt 0:01:30]} c6 {[%emt 0:01:30]} 7. Nbc3 {[%emt 0:00:21]} O-O {[%emt 0:00:26]} 8. O-O {[%emt 0:00:09]} Be6 {[%emt 0:00:16]} 9. b3 {[%emt 0:00:30]} Nbd7 {[%emt 0:01:17]} 10. e4 {[%emt 0:02:17]} Nc5 {[%emt 0:02:14]} 11. Qc2 {[%emt 0:01:55]} Rc8 {[%emt 0:01:29]} 12. Re1 {[%emt 0:08:33]} Qe8 {[%emt 0:03:57]} 13. f3 {[%emt 0:06:09]} Qg6 {[%emt 0:00:30]} 14. d4 {[%emt 0:00:30]} exd4 {[%emt 0:00:30]} 15. Nxd4 {[%emt 0:00:30]} fxe4 {[%emt 0:00:30]} 16. Nxe4 {[%emt 0:00:30]} Nfxe4 {[%emt 0:00:30]} 17. fxe4 {[%emt 0:00:30]} Bf6 {[%emt 0:00:30]} 18. Rb1 {[%emt 0:00:30] normal} 1-0

[Event "DVM U20 2019"]
[Site "Braunschweig"]
[Date "2019.12.30"]
[Round "7"]
[White "Engel, Robert"]
[Black "Reimer, Philip"]
[Result "1-0"]
[WhiteElo "2075"]
[BlackElo "2065"]
[Annotator "NA"]
[PlyCount "78"]
[EventDate "2019.12.27"]
[EventType "team-tourn"]
[EventRounds "7"]
[EventCountry "GER"]
[SourceTitle "playchess.com"]
[Source "ChessBase"]
[SourceQuality "1"]
[WhiteTeam "Hamburger SK"]
[BlackTeam "SK Lehrte 1919"]
[TimeControl "40/5400+30:1800+30"]

1. e4 {[%emt 0:00:00]} c5 {[%emt 0:00:00]} 2. Nf3 {[%emt 0:00:00]} Nc6 {[%emt 0:00:00]} 3. Bb5 {[%emt 0:00:00]} g6 {[%emt 0:00:00]} 4. Bxc6 {[%emt 0:00:00]} dxc6 {[%emt 0:00:00]} 5. d3 {[%emt 0:00:00]} Bg7 {[%emt 0:00:00]} 6. h3 {[%emt 0:00:00]} Nf6 {[%emt 0:00:02]} 7. Nc3 {[%emt 0:00:04]} O-O {[%emt 0:00:09]} 8. Be3 {[%emt 0:00:25]} b6 {[%emt 0:00:05]} 9. O-O e5 {unterminated} 10. Qd2 {[%emt 0:08:48]} Qd6 {[%emt 0:00:33] unterminated} 11. Bh6 {[%emt 0:09:44]} Nh5 {[%emt 0:00:34] unterminated} 12. Ne2 {[%emt 0:05:14]} f6 {[%emt 0:00:06]} 13. Rfd1 {[%emt 0:05:18] unterminated} Be6 {[%emt 0:12:31] unterminated} 14. c3 {[%emt 0:06:31] unterminated} Rad8 {[%emt 0:01:43] unterminated} 15. Bxg7 {[%emt 0:09:03] unterminated} Nxg7 {[%emt 0:02:12] unterminated} 16. Qe3 {[%emt 0:02:40] unterminated} Rfe8 {[%emt 0:19:01] unterminated} 17. b3 $11 {[%emt 0:03:21]} Bf7 {[%emt 0:06:45]} 18. d4 {[%emt 0:02:48]} exd4 {[%emt 0:02:07]} 19. cxd4 {[%emt 0:00:09]} Nf5 {[%emt 0:03:52]} 20. Qd3 {[%emt 0:14:47]} Nxd4 {[%emt 0:02:00]} 21. Nexd4 {[%emt 0:01:20]} cxd4 {[%emt 0:00:13]} 22. Qxd4 {[%emt 0:00:36]} Qxd4 {[%emt 0:05:51]} 23. Nxd4 {[%emt 0:03:05]} Rd6 {[%emt 0:04:21]} 24. Nc2 {[%emt 0:11:09]} Rxd1+ {[%emt 0:02:16]} 25. Rxd1 {[%emt 0:00:05]} Rxe4 {[%emt 0:02:48]} 26. Rd8+ Kg7 {[%emt 0:03:12]} 27. Rd7 {[%emt 0:01:58]} a5 {[%emt 0:09:00]} 28. Nd4 {[%emt 0:00:47]} c5 {[%emt 0:03:42]} 29. Nb5 {[%emt 0:00:56]} Kf8 {[%emt 0:06:10]} 30. Rxf7+ {[%emt 0:00:09]} Kxf7 {[%emt 0:00:36]} 31. Nd6+ {[%emt 0:00:05]} Ke6 {[%emt 0:00:16]} 32. Nxe4 {[%emt 0:00:03]} Ke5 {[%emt 0:00:17]} 33. Nd2 {[%emt 0:05:11]} b5 {[%emt 0:01:11]} 34. a4 {[%emt 0:03:02]} c4 {[%emt 0:10:23]} 35. axb5 {[%emt 0:02:03]} c3 {[%emt 0:00:16]} 36. Nf3+ {[%emt 0:00:15]} Kd5 {[%emt 0:00:14]} 37. Ne1 {[%emt 0:00:03]} Kc5 {[%emt 0:00:16]} 38. Nc2 {[%emt 0:00:20]} Kxb5 {[%emt 0:00:17]} 39. Kf1 {[%emt 0:00:05]} a4 {normal} 1-0

[Event "DVM U20 2019"]
[Site "Braunschweig"]
[Date "2019.12.30"]
[Round "7"]
[White "Weller, Uli"]
[Black "Schimnatkowski, Lukas"]
[Result "1-0"]
[WhiteElo "2070"]
[BlackElo "2157"]
[Annotator "NA"]
[PlyCount "29"]
[EventDate "2019.12.27"]
[EventType "team-tourn"]
[EventRounds "7"]
[EventCountry "GER"]
[SourceTitle "playchess.com"]
[Source "ChessBase"]
[SourceQuality "1"]
[WhiteTeam "SF Augsburg"]
[BlackTeam "SF Essen-Katernberg"]
[TimeControl "40/5400+30:1800+30"]

1. e4 {[%emt 0:00:00]} c5 {[%emt 0:00:00]} 2. Nc3 {[%emt 0:01:52]} Nc6 {[%emt 0:00:21]} 3. Nge2 {[%emt 0:01:24]} g6 {[%emt 0:01:41]} 4. d4 {[%emt 0:01:57]} cxd4 {[%emt 0:00:05]} 5. Nxd4 {[%emt 0:00:06]} Bg7 {[%emt 0:00:29]} 6. Be3 {[%emt 0:00:11]} d6 {[%emt 0:06:56]} 7. Qd2 {[%emt 0:04:56]} Nf6 {[%emt 0:00:13]} 8. f3 {[%emt 0:01:38]} O-O {[%emt 0:04:55]} 9. O-O-O {[%emt 0:01:10]} Nxd4 {[%emt 0:00:08]} 10. Bxd4 {[%emt 0:00:22]} Be6 {[%emt 0:00:04]} 11. Nd5 {[%emt 0:09:03]} Qd7 12. Nxf6+ {[%emt 0:04:46]} Bxf6 {[%emt 0:23:05]} 13. Bxf6 {[%emt 0:00:12]} exf6 {[%emt 0:00:02]} 14. Qxd6 {[%emt 0:28:19]} Qa4 {[%emt 0:00:16]} 15. a3 {[%emt 0:00:50] normal Übertragungsfehler, weitere Züge fehlen} 1-0

[Event "DVM U20 2019"]
[Site "Braunschweig"]
[Date "2019.12.30"]
[Round "7"]
[White "Dechant, Georg"]
[Black "Elier, Ali"]
[Result "1/2-1/2"]
[WhiteElo "2065"]
[BlackElo "2032"]
[Annotator "NA"]
[PlyCount "102"]
[EventDate "2019.12.27"]
[EventType "team-tourn"]
[EventRounds "7"]
[EventCountry "GER"]
[SourceTitle "playchess.com"]
[Source "ChessBase"]
[SourceQuality "1"]
[WhiteTeam "SC Bavaria Regensburg"]
[BlackTeam "SF Brackel"]
[TimeControl "40/5400+30:1800+30"]

1. e4 {[%emt 0:00:00]} e5 {[%emt 0:00:00]} 2. Nf3 {[%emt 0:00:00]} Nc6 {[%emt 0:01:07]} 3. Bb5 {[%emt 0:00:00]} a6 {[%emt 0:00:03]} 4. Ba4 {[%emt 0:00:00]} b5 {[%emt 0:00:03]} 5. Bb3 {[%emt 0:00:00]} Na5 {[%emt 0:00:04]} 6. O-O {[%emt 0:00:04]} d6 {[%emt 0:00:02]} 7. d4 {[%emt 0:00:34] unterminated} exd4 {[%emt 0:00:04]} 8. Nxd4 {[%emt 0:01:07]} Bb7 {[%emt 0:00:05]} 9. Nf5 {[%emt 0:02:45] C70: Ruy Lopez: 3...a6 4 Ba4, Norwegian and Delayed Schliemann} (9. c4 c5 10. Nf5 g6 11. Ne3 Bg7 12. cxb5 axb5 13. Bd5 Nf6 14. Bxb7 Nxb7 15. Nc3 b4 16. Ncd5 O-O 17. Qd3 Na5 18. a4 Re8 19. Nxf6+ Bxf6 20. Rb1 b3 21. Bd2 Nc6 22. Qxb3 Nd4 23. Qd3 Rxa4 {½-½ (23) Morozevich,A (2656)-Vallejo Pons,F (2688) Kazan 2019}) 9... g6 {[%emt 0:02:38]} 10. Ng3 {[%emt 0:00:36]} Bg7 {[%emt 0:01:43]} 11. Nc3 {[%emt 0:05:22]} Nxb3 $146 {[%emt 0:02:08]} ({Predecessor:} 11... Ne7 12. f4 Qd7 13. f5 gxf5 14. exf5 Nxb3 15. axb3 Bxc3 16. bxc3 O-O-O {0-1 (32) Rasik,V (2470)-Pechac,J (2469) Pardubice 2019}) 12. axb3 {[%emt 0:00:06]} Nf6 {[%emt 0:00:17]} 13. b4 {[%emt 0:06:58]} O-O {[%emt 0:00:32]} 14. Bg5 {[%emt 0:00:56]} h6 {[%emt 0:00:26]} 15. Be3 {[%emt 0:00:06] unterminated} Qe7 {[%emt 0:21:36] unterminated} 16. Re1 {[%emt 0:03:26]} Rfe8 {[%emt 0:03:43] unterminated} 17. f3 {[%emt 0:08:55] unterminated} Kh7 {[%emt 0:09:14] unterminated} 18. Qd2 {[%emt 0:12:23] unterminated} Nd7 {[%emt 0:09:27] unterminated} 19. Bd4 {[%emt 0:04:49]} Bxd4+ {[%emt 0:04:09] unterminated} 20. Qxd4 {[%emt 0:00:03]} Qe5 {[%emt 0:00:17]} 21. Qf2 {[%emt 0:01:03] unterminated} Nb6 {[%emt 0:01:23]} 22. f4 {[%emt 0:01:10]} Qf6 {[%emt 0:02:59] unterminated} 23. e5 {[%emt 0:09:54]} dxe5 {[%emt 0:00:50] unterminated} 24. Nge4 $11 {[%emt 0:00:43]} Qf5 {[%emt 0:04:02]} 25. Nc5 {[%emt 0:04:54]} Bc6 {[%emt 0:09:41]} 26. fxe5 {[%emt 0:00:22]} Qxf2+ {[%emt 0:06:07]} 27. Kxf2 {[%emt 0:00:03]} Rad8 {[%emt 0:01:09]} 28. Re2 {[%emt 0:02:27]} Nc4 {[%emt 0:07:54]} 29. e6 {[%emt 0:01:18]} fxe6 {[%emt 0:00:34]} 30. Rxa6 {[%emt 0:00:09]} Rd6 {[%emt 0:02:14]} 31. b3 {[%emt 0:00:33]} Nb6 {[%emt 0:00:21]} 32. Kg3 {[%emt 0:02:28]} e5 {[%emt 0:02:21]} 33. N3e4 {[%emt 0:02:41]} Bxe4 {[%emt 0:00:16]} 34. Nxe4 {[%emt 0:00:04]} Rc6 {[%emt 0:00:57]} 35. Ra5 {[%emt 0:00:36]} Nd5 {[%emt 0:02:42]} 36. Rxb5 {[%emt 0:00:12]} Nf4 {[%emt 0:01:28]} 37. Rd2 {[%emt 0:00:07]} g5 {[%emt 0:00:06]} 38. Rc5 {[%emt 0:00:45]} Rxc5 {[%emt 0:00:59]} 39. bxc5 {[%emt 0:00:10]} Re7 {[%emt 0:00:12]} 40. c6 {[%emt 0:01:04]} Kg6 {[%emt 0:00:06]} 41. Rd7 {[%emt 0:30:33]} Kf7 {[%emt 0:31:58]} 42. Kf3 {[%emt 0:04:17]} Ne6 {[%emt 0:02:23]} 43. Rxe7+ {[%emt 0:01:40]} Kxe7 {[%emt 0:01:46]} 44. Kg4 {[%emt 0:00:17]} Nd4 {[%emt 0:01:05]} 45. Kh5 {[%emt 0:00:37]} Nxc2 {[%emt 0:00:09]} 46. Kxh6 {[%emt 0:00:20]} Nd4 {[%emt 0:00:05]} 47. Kxg5 {[%emt 0:00:59]} Nxc6 {[%emt 0:00:46]} 48. Kf5 {[%emt 0:00:07]} Nd4+ {[%emt 0:00:15]} 49. Kxe5 {[%emt 0:00:05]} Nxb3 {[%emt 0:00:09]} 50. Kd5 {[%emt 0:00:13]} Nc1 {[%emt 0:00:40]} 51. h4 {[%emt 0:00:31]} Kf7 {[%emt 0:00:25] normal} 1/2-1/2

[Event "DVM U20 2019"]
[Site "Braunschweig"]
[Date "2019.12.30"]
[Round "7"]
[White "Garbuz, Vitaliy"]
[Black "Oberhofer, Cedric"]
[Result "1/2-1/2"]
[WhiteElo "2064"]
[BlackElo "2260"]
[Annotator "ChessBase"]
[PlyCount "55"]
[EventDate "2019.12.27"]
[EventType "team-tourn"]
[EventRounds "7"]
[EventCountry "GER"]
[SourceTitle "playchess.com"]
[Source "ChessBase"]
[SourceQuality "1"]
[WhiteTeam "SF Brackel"]
[BlackTeam "SC Bavaria Regensburg"]
[TimeControl "40/5400+30:1800+30"]

1. e4 {[%emt 0:25:15]} c5 {[%emt 0:00:00]} 2. d4 {[%emt 0:00:18]} cxd4 {[%emt 0:00:15]} 3. c3 {[%emt 0:00:10]} g6 {[%emt 0:00:44]} 4. Nf3 {[%emt 0:00:06]} d5 {[%emt 0:02:38]} 5. exd5 {[%emt 0:01:16]} Qxd5 {[%emt 0:00:19]} 6. Qxd4 {[%emt 0:02:02]} Nf6 {[%emt 0:02:24]} 7. Bc4 {[%emt 0:02:04]} Qxd4 {[%emt 0:00:24]} 8. Nxd4 {[%emt 0:00:30]} a6 {[%emt 0:06:40]} 9. O-O {[%emt 0:01:35]} Bg7 {[%emt 0:02:14]} 10. Re1 {[%emt 0:02:26]} e6 {[%emt 0:00:22]} 11. a4 {[%emt 0:01:09]} Bd7 {[%emt 0:03:52]} 12. Nd2 {[%emt 0:06:07]} O-O {[%emt 0:04:14]} 13. N2b3 {[%emt 0:00:55]} Nc6 {[%emt 0:03:23]} 14. Nxc6 {[%emt 0:01:53]} Bxc6 {[%emt 0:01:55]} 15. Na5 {[%emt 0:00:11]} Rac8 {[%emt 0:00:09]} 16. Nxc6 {[%emt 0:00:07]} Rxc6 {[%emt 0:00:02]} 17. Be2 {[%emt 0:00:11]} Nd5 {[%emt 0:08:09]} 18. Bf3 {[%emt 0:01:27]} b5 {[%emt 0:06:53]} 19. axb5 {[%emt 0:00:27]} axb5 {[%emt 0:00:01]} 20. Ra5 {[%emt 0:01:10]} Rb6 {[%emt 0:05:58]} 21. Bxd5 {[%emt 0:06:45]} exd5 {[%emt 0:00:20]} 22. Rd1 {[%emt 0:00:35]} Re8 {[%emt 0:17:32]} 23. Be3 {[%emt 0:00:30]} Rbb8 {[%emt 0:00:07]} 24. Rxd5 {[%emt 0:01:40]} b4 {[%emt 0:00:04]} 25. cxb4 {[%emt 0:01:54]} Rxb4 {[%emt 0:00:21]} 26. Rd7 {[%emt 0:03:47]} Bd4 {[%emt 0:02:24]} 27. h3 {[%emt 0:04:58]} Bxe3 {[%emt 0:01:23]} 28. fxe3 {[%emt 0:00:07] normal} 1/2-1/2